| 000 | 00732nam a2200193Ia 4500 | ||
|---|---|---|---|
| 003 | GCL | ||
| 008 | 140319s9999 xx 000 0 ara d | ||
| 040 |
_aGCL / _cGCL |
||
| 082 | 0 | 4 |
_a320.9 _bا س |
| 100 | 1 | _aالصافى سعيد | |
| 245 | 1 | 0 |
_aسنوات المتاهة: الحرب المموهة والسلام الجريح على مذابح القرن الواحد والعشرين / _cالصافى سعيد |
| 300 | _a514 ص | ||
| 490 |
_aالهيئة العامة للاستعلامات _v0 |
||
| 650 | 0 | 4 | _aالسلام العالمى |
| 650 | 0 | 4 | _aالقرن الحادى والعشرين |
| 650 | 0 | 4 | _aالنظام العالمى الجديد |
| 650 | 0 | 4 | _aالعالم العربى - القرن 21 |
| 942 |
_2ddc _cBK |
||
| 999 |
_c49249 _d49249 |
||